Normal view
MARC view
Entry Personal Name
001 - CONTROL NUMBER
- control field: 14226
003 - CONTROL NUMBER IDENTIFIER
- control field: dpl
005 - DATE AND TIME OF LATEST TRANSACTION
- control field: 20100817110853.0
008 - FIXED-LENGTH DATA ELEMENTS
- fixed length control field: 100817|||a|||||| | ||| d
040 ## - CATALOGING SOURCE
- Original cataloging agency: dpl
- Transcribing agency: dpl
100 ## - HEADING--PERSONAL NAME
- Personal name: Saibulla, A.
670 ## - SOURCE DATA FOUND
- Source citation: Work cat.: (dpl): Proceeding of the national conference on applied mathematics (NCAM 2010) Chennai : 28-29 January 2010 14224, Proceeding of the national conference on applied mathematics (NCAM 2010) 28-29 January 2010 /, 2010
670 ## - SOURCE DATA FOUND
- Source citation: Work cat.: (dpl): Proceeding of the national conference on applied mathematics (NCAM 2010) Chennai : 28-29 January 2010 14224, Proceeding of the national conference on applied mathematics (NCAM 2010) 28-29 January 2010 /, 2010
